|
|
|
|
| LEADER |
00913nab a2200253 i 4500 |
| 001 |
misc65217 |
| 005 |
20241001080356.0 |
| 008 |
230908s1929 hu o 000 rus d |
| 040 |
|
|
|a SZTE Miscellanea Repozitórium
|b hun
|
| 041 |
|
|
|a rus
|
| 100 |
1 |
|
|a Vladimircov Boris Âkovlevič
|
| 245 |
1 |
0 |
|a Po povodu drevne-tûrkskogo Ötüken yïš
|h [elektronikus dokumentum] /
|c Vladimircov Boris Âkovlevič
|
| 260 |
|
|
|a [Izdat. Akademii nauk SSSR]
|b [Leningrad]
|c 1929
|
| 300 |
|
|
|a 133-136
|c 27 cm
|
| 300 |
|
|
|a [4] p.
|c 27 cm
|
| 490 |
0 |
|
|a Doklady Akademii Nauk SSSR
|
| 561 |
|
|
|a Németh Gyula hagyaték
|
| 591 |
|
|
|a NOA 6387
|
| 650 |
|
4 |
|a Társadalomtudományok
|
| 650 |
|
4 |
|a Szociológia
|
| 650 |
|
4 |
|a Bölcsészettudományok
|
| 650 |
|
4 |
|a Történettudomány és régészet
|
| 695 |
|
|
|a Mitológia - török, Néprajz - török
|
| 856 |
4 |
0 |
|u http://misc.bibl.u-szeged.hu/65217/1/6387_noa.pdf
|z Dokumentum-elérés
|